Normal view
MARC view
Entry Personal Name
001 - CONTROL NUMBER
- control field: 161240
003 - CONTROL NUMBER IDENTIFIER
- control field: OSt
005 - DATE AND TIME OF LATEST TRANSACTION
- control field: 20220923211642.0
008 - FIXED-LENGTH DATA ELEMENTS
- fixed length control field: 220923|| aca||aabn | a|a d
040 ## - CATALOGING SOURCE
- Original cataloging agency: OSt
- Transcribing agency: OSt
100 ## - HEADING--PERSONAL NAME
- Personal name: खण्डूड.ी, सत्यनारायणशास्त्री, संपा
670 ## - SOURCE DATA FOUND
- Source citation: Work cat.: (OSt)302184: खण्डूड.ी, सत्यनारायणशास्त्री, संपा., काव्यप्रकाशः श्री मम्मटभट्ट विरचितः, मकण् सत्यनारायणशास्त्री खण्डूड ी, 1986
